000 00368pab a2200145 454500
008 180718b2005 xxu||||| |||| 00| 0 eng d
100 _aSavyasaachi
245 _aTribal rights: rights, globalisation and governance
260 _c2005
300 _ap.15-21.
362 _aOct-Dec
650 _aTribes:Scheduled tribes
773 _aAlpjan Quarterly
909 _a69116
999 _c69116
_d69116